Statistics for Countries Bordering Kenya - Without a Map

Click here to take the quiz!

General Stats

  • This quiz has been taken 250 times
  • The average score is 5 of 5

Answer Stats

Country% Correct
Ethiopia
99%
Tanzania
99%
Somalia
98%
Uganda
98%
South Sudan
92%

Score Distribution

Percentile by Number Answered

Percent of People with Each Score

Your Score History

You have not taken this quiz